000 00405nam a2200181Ia 4500
001 14747
005 20260306164937.0
008 260306t2015||||xx |||||||||||||| ||spa||
041 _aESP
082 _a519.2
_bB61
100 _aBlasco, Ángel
_eAUT
245 0 _aModelos aleatorios en ingeniería
260 _c2015
300 _a
_c
650 _aGEN
654 _aCMA
942 _cLIB
_dJUS
_fJUS
_2ddc
_n
999 _c14747
_d14747